[Event "R.G Wade memorial Tournament "]
[Site "SchemingMind.com"]
[Date "2012.07.31"]
[Round "-"]
[White "lennart"]
[Black "Phillip Beckett"]
[Result "1-0"]
[WhiteCountry "SWE"]
[BlackCountry "ENG"]
[WhiteElo "1511"]
[WhiteRD "56"]
[BlackElo "1600"]
[BlackRD "47"]
[GameID "315280"]

1. e4 e5 2. Nf3 Nc6 3. Nc3 Nf6 4. a3 Be7 5. Qe2 d6 6. Nd5 Nxd5 7. exd5 Nb8 8. d3 O-O 9. h4 f5 10. g3 Bf6
11. Qd2 e4 12. Ng5 Na6 13. Ne6 Bxe6 14. dxe6 Qe7 15. dxe4 Qxe6 16. Qe3 Nc5 17. Bd2 Qxe4 18. Qxe4 Nxe4 19. Bc4+ Kh8 20. Be3 c6
21. Rf1 d5 22. Be2 Rae8 23. O-O-O Nxg3 24. fxg3 Rxe3 25. Bd3 g6 26. Rg1 Be5 27. g4 Bf4 28. Kb1 fxg4 29. Rxg4 Bc7 30. Rh1 Rg3
31. Rg5 Rxg5 32. hxg5 Kg7 33. Re1 Rf7 34. Re6 Bd8 35. c4 dxc4 36. Bxc4 Re7 37. Rd6 Re1+ 38. Ka2 Bxg5 39. Rd7+ Re7 40. Rd1 Bf6
41. Rf1 Re4 42. Bb3 Re2 43. Ka1 Bxb2+ 44. Kb1 Bf6 45. Bc4 h5 46. Bxe2
1-0

[Event "R.G Wade memorial Tournament "]
[Site "SchemingMind.com"]
[Date "2012.08.05"]
[Round "-"]
[White "mtnewk"]
[Black "emvarela"]
[Result "0-1"]
[WhiteCountry "USA"]
[BlackCountry "ARG"]
[WhiteElo "1556"]
[WhiteRD "75"]
[BlackElo "1731"]
[BlackRD "50"]
[GameID "315283"]

1. d4 Nf6 2. c4 e6 3. Nc3 Bb4 4. Bg5 h6 5. Bd2 O-O 6. a3 Bxc3 7. Bxc3 d5 8. e3 dxc4 9. Bxc4 Ne4 10. Nf3 Nxc3
11. bxc3 Bd7 12. O-O Qf6 13. Rb1 b6 14. Ne5 Bc6 15. Nxc6 Nxc6 16. Qf3 Qxf3 17. gxf3 Ne7 18. Kg2 Nd5 19. Bxd5 exd5 20. e4 dxe4
21. fxe4 Rfe8 22. Rfe1 Re7 23. f3 Rae8 24. d5 f5 25. Rbd1 fxe4 26. fxe4 Rxe4 27. Rxe4 Rxe4
0-1

[Event "R.G Wade memorial Tournament "]
[Site "SchemingMind.com"]
[Date "2012.07.31"]
[Round "-"]
[White "Phillip Beckett"]
[Black "lennart"]
[Result "0-1"]
[WhiteCountry "ENG"]
[BlackCountry "SWE"]
[WhiteElo "1600"]
[WhiteRD "47"]
[BlackElo "1511"]
[BlackRD "56"]
[GameID "315286"]

1. e4 e5 2. Nf3 Nc6 3. Bb5 a6 4. Bxc6 bxc6 5. d4 d6 6. dxe5 h6 7. exd6 cxd6 8. O-O Be7 9. Bf4 Be6 10. Nc3 Rb8
11. b3 Bf6 12. e5 dxe5 13. Bxe5 Qxd1 14. Raxd1 Bxe5 15. Nxe5 Rb6 16. Ne4 Ke7 17. Nc5 Nf6 18. Ned7 Nxd7 19. Nxd7 Bxd7 20. Rfe1+ Kd8
21. Rd6 Rb7 22. Red1 Re8 23. Kf1 Ke7 24. R6d2 c5 25. Re1+ Kf8 26. Red1 Re7 27. Rd5 Rc7 28. c4 Kg8 29. Rd6 Bc6 30. Rd8+ Kh7
31. R8d6 a5 32. R6d2 a4 33. f4 f6 34. g3 axb3 35. axb3 Rb7 36. Rd3 Be4 37. Rd6 Rxb3 38. Rd7 Rxd7 39. Rxd7 Bd3+ 40. Ke1 Bxc4
41. Rc7 Rb5 42. Kd2 Bd5 43. Kc3 c4 44. Rd7 Bg8 45. Rc7 Rb1 46. h4 Rb3+ 47. Kc2 Rxg3
0-1

[Event "R.G Wade memorial Tournament "]
[Site "SchemingMind.com"]
[Date "2012.08.05"]
[Round "-"]
[White "emvarela"]
[Black "mtnewk"]
[Result "1-0"]
[WhiteCountry "ARG"]
[BlackCountry "USA"]
[WhiteElo "1757"]
[WhiteRD "48"]
[BlackElo "1644"]
[BlackRD "74"]
[GameID "315289"]

1. e4 c5 2. Nf3 Nc6 3. d4 cxd4 4. Nxd4 g6 5. c4 a6 6. Nxc6 bxc6 7. Nc3 Bg7 8. Bd2 d6 9. Bd3 Nf6 10. O-O O-O
11. Qe2 Ng4 12. h3 Ne5 13. f4 Nxd3 14. Qxd3 Bb7 15. Rac1 Rb8 16. b3 c5 17. f5 Kh8 18. fxg6 fxg6 19. Nd5 Bd4+ 20. Be3 Bxe3+
21. Qxe3 Bxd5 22. exd5 Qd7 23. Rxf8+ Rxf8 24. Rf1 Qe8 25. Rxf8+ Qxf8 26. Qe6 Kg7 27. a3 Qf5 28. Qxe7+ Kh6 29. Qxd6 Qb1+ 30. Kh2 Qxb3
31. Qxa6
1-0

[Event "R.G Wade memorial Tournament "]
[Site "SchemingMind.com"]
[Date "2012.08.02"]
[Round "-"]
[White "kenneth m day"]
[Black "James Reed"]
[Result "1-0"]
[WhiteCountry "USA"]
[BlackCountry "ENG"]
[WhiteElo "1775"]
[WhiteRD "51"]
[BlackElo "1598"]
[BlackRD "57"]
[GameID "315372"]

1. e4 e5 2. Nf3 Nc6 3. c3 Nf6 4. d4 Nxe4 5. d5 Nb8 6. Nxe5 Bc5 7. Nd3 O-O 8. Nxc5 Nxc5 9. Be3 d6 10. Be2 Re8
11. Nd2 Bf5 12. O-O Nbd7 13. Nf3 h6 14. Qd4 Qf6 15. Rfe1 Be4 16. Nd2 Qg6 17. Nxe4 Nxe4 18. Bd3 a6 19. f3 Nef6 20. Bxg6 fxg6
21. Re2 c5 22. Qd2 b6 23. Rae1 Rac8 24. Bf4 Kh7 25. Bxd6 a5 26. Rxe8 Nxe8 27. Be7 c4 28. Re6 Nc5 29. Rxb6 Nd7 30. Ra6 Ne5
31. Rxa5 g5 32. Qd4 Nf7 33. Ra7 h5 34. Qe4+ g6 35. Qe6 Kg8 36. Qxc8
1-0

[Event "R.G Wade memorial Tournament "]
[Site "SchemingMind.com"]
[Date "2012.08.02"]
[Round "-"]
[White "docjan"]
[Black "Olli Ylönen"]
[Result "1-0"]
[WhiteCountry "SWE"]
[BlackCountry "FIN"]
[WhiteElo "2303"]
[WhiteRD "72"]
[BlackElo "1863"]
[BlackRD "56"]
[GameID "315373"]

1. e4 e5 2. f4 exf4 3. Nf3 g5 4. Bc4 Bg7 5. O-O d6 6. d4 h6 7. c3 Nc6 8. Qa4 Bd7 9. Qb3 Na5 10. Bxf7+ Ke7
11. Qa3 Kxf7 12. Qxa5 c5 13. Qa3 cxd4 14. Qxd6 dxc3 15. Nxc3 Qb6+ 16. Qxb6 axb6 17. h4 Ra5 18. Bd2 Kg6 19. Nd5 Rc5 20. Bc3 Bxc3
21. Nxc3 Rh7 22. Rad1 Re7 23. Rd6+ Kh5 24. hxg5 hxg5 25. Kf2 Be6 26. Rh1+ Kg4 27. Rh3 Rc6 28. Ne5#
1-0

[Event "R.G Wade memorial Tournament "]
[Site "SchemingMind.com"]
[Date "2012.08.02"]
[Round "-"]
[White "James Reed"]
[Black "kenneth m day"]
[Result "0-1"]
[WhiteCountry "ENG"]
[BlackCountry "USA"]
[WhiteElo "1598"]
[WhiteRD "57"]
[BlackElo "1775"]
[BlackRD "51"]
[GameID "315374"]

1. e4 c5 2. Nf3 Nc6 3. d4 cxd4 4. Nxd4 Nf6 5. Nc3 d6 6. Bg5 e6 7. Bb5 Bd7 8. O-O Be7 9. Re1 O-O 10. a3 a6
11. Bxc6 bxc6 12. h3 c5 13. Nf3 Bc6 14. Qd2 Qc7 15. e5 dxe5 16. Nxe5 Rfd8 17. Qe2 Bb7 18. Red1 h6 19. Bxf6 Bxf6 20. Ng4 Bd4
21. Na4 Qc6 22. Nc3 Qxg2#
0-1

[Event "R.G Wade memorial Tournament "]
[Site "SchemingMind.com"]
[Date "2012.08.03"]
[Round "-"]
[White "Olli Ylönen"]
[Black "docjan"]
[Result "0-1"]
[WhiteCountry "FIN"]
[BlackCountry "SWE"]
[WhiteElo "1863"]
[WhiteRD "56"]
[BlackElo "2303"]
[BlackRD "72"]
[GameID "315375"]

1. e4 c5 2. Nf3 Nc6 3. Nc3 e6 4. d4 cxd4 5. Nxd4 Nf6 6. Nxc6 bxc6 7. e5 Nd5 8. Ne4 Qc7 9. f4 Qb6 10. c4 Ne3
11. Qd3 Bb4+ 12. Bd2 O-O 13. Rc1 Nxf1 14. Rxf1 a5 15. c5 Qd8 16. Bxb4 Ba6 17. Nf6+ gxf6 18. Qg3+ Kh8 19. Bc3 Rg8 20. Qf3 Bxf1
21. Kxf1 f5 22. h3 Qb8 23. a4 Qb3 24. Ra1 Rg7 25. Qd3 Rag8 26. Ra3 Qb8 27. g4 fxg4 28. hxg4 Rxg4 29. Bd4 Rxf4+
0-1

[Event "R.G Wade memorial Tournament "]
[Site "SchemingMind.com"]
[Date "2012.08.03"]
[Round "-"]
[White "Clive Everill"]
[Black "mmccaffe"]
[Result "1/2-1/2"]
[WhiteCountry "CZE"]
[BlackCountry "USA"]
[WhiteElo "1760"]
[WhiteRD "50"]
[BlackElo "1622"]
[BlackRD "59"]
[GameID "315452"]

1. e4 c5 2. Nf3 d6 3. d4 cxd4 4. Nxd4 Nf6 5. f3 a6 6. c4 Nc6 7. Be3 g6 8. Nc3 Bg7 9. Qd2 O-O 10. Be2 Nxd4
11. Bxd4 Bd7 12. O-O Be6 13. b3 Nd7 14. Bxg7 Kxg7 15. Nd5 Bxd5 16. exd5 Qb6+ 17. Kh1 a5 18. Rfe1 Qb4 19. Qb2+ Kg8 20. a3 Qb6
21. Bd3 Nc5 22. Bc2 Rfe8 23. b4 axb4 24. axb4 Rxa1 25. Rxa1 Na6 26. b5 Nc5 27. h4 Rc8 28. Ra3 Nd7 29. Qa2 Qf2 30. Ra8 Qxh4+=
1/2-1/2

[Event "R.G Wade memorial Tournament "]
[Site "SchemingMind.com"]
[Date "2012.08.03"]
[Round "-"]
[White "John Hamer"]
[Black "Holty"]
[Result "1-0"]
[WhiteCountry "ENG"]
[BlackCountry "ENG"]
[WhiteElo "1986"]
[WhiteRD "66"]
[BlackElo "1742"]
[BlackRD "59"]
[GameID "315453"]

1. d4 d5 2. c4 e5 3. dxe5 d4 4. Nf3 Nc6 5. g3 Bc5 6. Bg2 f6 7. exf6 Nxf6 8. O-O O-O 9. Nbd2 Bg4 10. Nb3 Ne4
11. Nh4 d3 12. Bxe4 dxe2 13. Qd5+ Kh8 14. Nxc5 Qxd5 15. cxd5 exf1=Q+ 16. Kxf1 Bh3+ 17. Kg1 Nd4 18. Be3 Ne2+ 19. Kh1 c6 20. dxc6 bxc6
21. Bd3 Rae8 22. Bxe2 Rxe3 23. fxe3 Rf2 24. Bf3 g5 25. Ne4 Rxb2 26. Nxg5 Bd7 27. Nf7+ Kg7 28. Ne5 Be6 29. Bxc6 Bxa2 30. Be4 a5
31. Nf5+ Kf6 32. Nd7+ Ke6 33. Nc5+ Kf6 34. Nd4 h5 35. Na4 Rd2 36. Nc3 Bc4 37. Rxa5 Bf7 38. Ra6+ Ke7 39. Nf5+ Ke8 40. Ra8+ Kd7
41. Ra7+ Ke8 42. Bc6+ Kd8 43. Rxf7 Rc2 44. Nd6
1-0

[Event "R.G Wade memorial Tournament "]
[Site "SchemingMind.com"]
[Date "2012.08.03"]
[Round "-"]
[White "John Galvin"]
[Black "Maaren"]
[Result "1-0"]
[WhiteCountry "USA"]
[BlackCountry "BEL"]
[WhiteElo "2314"]
[WhiteRD "69"]
[BlackElo "2098"]
[BlackRD "92"]
[GameID "315454"]

1. c4 c5 2. b3 e5 3. Bb2 Nc6 4. Nc3 g6 5. g3 Bg7 6. Bg2 d6 7. d3 Nge7 8. Nf3 h6 9. O-O O-O 10. Qd2 Be6
11. Rac1 Qd7 12. e3 Bh3 13. Bxh3 Qxh3 14. Qe2 f5 15. Nd2 f4 16. Kh1 Nf5 17. Rg1 a6 18. Nd5 fxe3 19. fxe3 Nfe7 20. Nxe7+ Nxe7
21. g4 Qh4 22. Ne4 Rad8 23. Bc3 Nc6 24. g5 Ne7 25. gxh6 Bxh6 26. Rg3 Nf5 27. Rxg6+ Kf7 28. Rcg1 Bxe3 29. R1g4 Qh3 30. Ba5 Rd7
31. Rg3
1-0

[Event "R.G Wade memorial Tournament "]
[Site "SchemingMind.com"]
[Date "2012.08.03"]
[Round "-"]
[White "kibic"]
[Black "Adrian Grajczak"]
[Result "1-0"]
[WhiteCountry "INT"]
[BlackCountry "POL"]
[WhiteElo "2241"]
[WhiteRD "68"]
[BlackElo "2119"]
[BlackRD "64"]
[GameID "315455"]

1. d4 d6 2. g3 e5 3. dxe5 dxe5 4. Qxd8+ Kxd8 5. Nc3 c6 6. f4 Bb4 7. fxe5 Bxc3+ 8. bxc3 Bf5 9. Nf3 h6 10. Bg2 Bxc2
11. O-O Ne7 12. Nd4 Bg6 13. e6 f6 14. Nb5 Na6 15. Rd1+ Ke8 16. Nd6+ Kf8 17. Nxb7 Be8 18. Rb1 Nd5 19. Rb3 Ke7 20. Ba3+ Kxe6
21. c4 Nb6 22. Nd6 f5 23. Nxf5 Kxf5 24. Rf1+ Ke6 25. Bh3+ Ke5 26. Rf5+ Ke4 27. Rf4+
1-0

[Event "R.G Wade memorial Tournament "]
[Site "SchemingMind.com"]
[Date "2012.08.03"]
[Round "-"]
[White "mmccaffe"]
[Black "Clive Everill"]
[Result "1-0"]
[WhiteCountry "USA"]
[BlackCountry "CZE"]
[WhiteElo "1655"]
[WhiteRD "62"]
[BlackElo "1763"]
[BlackRD "49"]
[GameID "315457"]

1. Nf3 d5 2. g3 Nc6 3. Bg2 e5 4. d3 f6 5. O-O Be6 6. Nbd2 Qd7 7. b3 Bb4 8. Bb2 d4 9. a3 Bd6 10. c4 dxc3
11. Bxc3 Nge7 12. Ne4 O-O 13. Nxd6 cxd6 14. Qd2 Bxb3 15. Rfb1 Qe6 16. Qb2 Ba4 17. Qxb7 Rab8 18. Qa6 Bb3 19. d4 Rb6 20. Qd3 Bc4
21. Qd2 Rxb1+ 22. Rxb1 Nd5 23. e4 Nxc3 24. Qxc3 exd4 25. Nxd4 Nxd4 26. Qxd4 Ba2 27. Rb7 Rc8 28. Qxa7 Rc1+ 29. Bf1 Rc8 30. Rxg7+ Kf8
31. Rxh7 Qg4 32. Qe3 Qg5 33. Qxg5 fxg5 34. Rh5 Rc1 35. Kg2 Rc5 36. Rh6 Ke7 37. h4 gxh4 38. Rxh4 Rc3 39. a4 Ra3 40. Bb5 Be6
41. Rh7+ Kf6 42. Rh6+ Ke7 43. Rh7+ Kf6 44. Ra7 Rb3 45. Ba6 Rb4 46. Bb7 Rb2 47. a5 Ke5 48. a6 Ra2 49. Ra8 Rb2 50. Re8 Kf6
51. a7 Rxb7 52. a8=Q Rb4 53. Qd8+ Kg6 54. Rxe6+
1-0

[Event "R.G Wade memorial Tournament "]
[Site "SchemingMind.com"]
[Date "2012.08.03"]
[Round "-"]
[White "Holty"]
[Black "John Hamer"]
[Result "0-1"]
[WhiteCountry "ENG"]
[BlackCountry "ENG"]
[WhiteElo "1742"]
[WhiteRD "65"]
[BlackElo "2003"]
[BlackRD "69"]
[GameID "315458"]

1. d4 Nf6 2. c4 e6 3. Nc3 d5 4. Bg5 Be7 5. Nf3 h6 6. Bf4 O-O 7. Qc2 c5 8. cxd5 cxd4 9. Nxd4 exd5 10. O-O-O Nc6
11. Ndb5 Nb4 12. Qb3 Be6 13. Nd4 Rc8 14. Kb1 Bc5 15. a3 Bxd4 16. Rxd4 Nc6 17. e3 Nxd4 18. exd4 Bf5+ 19. Ka1 Qe7 20. Bd2 Ne4
21. Nxe4 Qxe4 22. Qd1 Qxd4 23. Qe2 Rfe8 24. Be3 Rxe3 25. fxe3 Rc1+ 26. Ka2 Bb1+ 27. Kb3 Qe4 28. Qd2 Rxf1
0-1

[Event "R.G Wade memorial Tournament "]
[Site "SchemingMind.com"]
[Date "2012.08.03"]
[Round "-"]
[White "Maaren"]
[Black "John Galvin"]
[Result "1-0"]
[WhiteCountry "BEL"]
[BlackCountry "USA"]
[WhiteElo "2086"]
[WhiteRD "92"]
[BlackElo "2332"]
[BlackRD "68"]
[GameID "315459"]

1. e4 e5 2. Nf3 Nc6 3. Bb5 a6 4. Bxc6 dxc6 5. O-O Qd6 6. Na3 Be6 7. Qe2 f6 8. Rd1 Bg4 9. h3 Bxf3 10. Qxf3 Qe6
11. b3 O-O-O 12. Nc4 Bc5 13. c3 Ne7 14. d3 Kb8 15. a4 Rhf8 16. b4 Ba7 17. Be3 Bxe3 18. Qxe3 Ng6 19. b5 cxb5 20. axb5 axb5
21. Qa7+ Kc8 22. Ne3 Nf4 23. d4 exd4 24. Qc5 Kb8 25. cxd4 Qb6 26. Qa3 c6 27. d5 Ne2+ 28. Kf1 b4 29. Qd3 Nf4 30. Qc4 Rc8
31. g3 Nxh3 32. d6 Rfd8 33. Kg2
1-0

[Event "R.G Wade memorial Tournament "]
[Site "SchemingMind.com"]
[Date "2012.08.03"]
[Round "-"]
[White "Adrian Grajczak"]
[Black "kibic"]
[Result "0-1"]
[WhiteCountry "POL"]
[BlackCountry "INT"]
[WhiteElo "2119"]
[WhiteRD "64"]
[BlackElo "2241"]
[BlackRD "68"]
[GameID "315460"]

1. e4 e6 2. d3 d5 3. Nd2 c5 4. Ngf3 Nc6 5. g3 Nf6 6. Bg2 Be7 7. O-O O-O 8. e5 Nd7 9. Re1 b5 10. Nf1 Bb7
11. h4 h6 12. N1h2 Qb6 13. Bf4 a5 14. c3 a4 15. Ng4 a3 16. b3 Rfc8 17. h5 d4 18. Qc1 dxc3 19. Bxh6 gxh6 20. Nxh6+ Kg7
21. Re4 Rh8 22. Rg4+ Kf8 23. Qf4 Nd8 24. Rc1 Rc8 25. Rxc3 Bxf3 26. Bxf3 Qb8
0-1

[Event "R.G Wade memorial Tournament "]
[Site "SchemingMind.com"]
[Date "2012.10.01"]
[Round "-"]
[White "kibic"]
[Black "kenneth m day"]
[Result "1-0"]
[WhiteCountry "INT"]
[BlackCountry "USA"]
[WhiteElo "2296"]
[WhiteRD "65"]
[BlackElo "1754"]
[BlackRD "54"]
[GameID "318518"]

1. d4 Nf6 2. c4 e6 3. Nf3 b6 4. g3 Ba6 5. Qa4 Bb7 6. Bg2 Be7 7. Nc3 O-O 8. O-O Nc6 9. Ne5 Qc8 10. Nxc6 dxc6
11. Bxc6 Bxc6 12. Qxc6 Rd8 13. Rd1 Rb8 14. Bf4 Bd6 15. Bg5 Be7 16. e4 Rd6 17. Qa4 Rd7 18. e5 Ne8 19. Bxe7 Rxe7 20. Qa3 c5
21. b3 a6 22. Na4 Rbb7 23. dxc5 bxc5 24. Nxc5 Ra7 25. Rd4 Qc6 26. Rad1 g6 27. Rd8 Kf8 28. Nd7+
1-0

[Event "R.G Wade memorial Tournament "]
[Site "SchemingMind.com"]
[Date "2012.10.01"]
[Round "-"]
[White "kenneth m day"]
[Black "kibic"]
[Result "0-1"]
[WhiteCountry "USA"]
[BlackCountry "INT"]
[WhiteElo "1721"]
[WhiteRD "52"]
[BlackElo "2257"]
[BlackRD "68"]
[GameID "318521"]

1. e4 e6 2. d4 d5 3. Nd2 c5 4. Ngf3 Nc6 5. Bb5 cxd4 6. Nxd4 Bd7 7. N2f3 dxe4 8. Ng5 Nxd4 9. Bxd7+ Qxd7 10. Nxe4 Qa4
11. b3 Nxb3 12. cxb3 Qxe4+ 13. Be3 Qxg2
0-1

[Event "R.G Wade memorial Tournament "]
[Site "SchemingMind.com"]
[Date "2012.11.29"]
[Round "-"]
[White "mmccaffe"]
[Black "lennart"]
[Result "1-0"]
[WhiteCountry "USA"]
[BlackCountry "SWE"]
[WhiteElo "1643"]
[WhiteRD "62"]
[BlackElo "1468"]
[BlackRD "55"]
[GameID "322233"]

1. e4 e5 2. Nf3 Nc6 3. Bb5 Qf6 4. d3 Nd4 5. Nxd4 exd4 6. O-O a6 7. Ba4 Bd6 8. Qe2 Be5 9. f4 Bd6 10. Qf3 Bc5
11. a3 Ne7 12. b4 Bb6 13. Nd2 a5 14. b5 c6 15. Nc4 Bc7 16. e5 Qe6 17. f5 Qd5 18. Qg3 Rg8 19. b6 Bb8 20. Nd6+ Kd8
21. Bb3 Qc5 22. Nxf7+ Ke8 23. Nd6+ Kf8 24. Nxc8 Bxe5 25. Qg4 d5 26. Nxe7 Kxe7 27. Bg5+ Bf6 28. Bxf6+ gxf6 29. Rae1+ Kf8 30. Qh5 Qd6
31. Re6 Qd8 32. Qxh7 Rg7 33. Qh8+ Rg8 34. Rxf6+ Ke7 35. Re1+ Kd7 36. Qh7+ Kc8 37. Rf7 Rh8 38. Rc7+ Kb8 39. Rxb7+
1-0

[Event "R.G Wade memorial Tournament "]
[Site "SchemingMind.com"]
[Date "2012.11.29"]
[Round "-"]
[White "lennart"]
[Black "mmccaffe"]
[Result "0-1"]
[WhiteCountry "SWE"]
[BlackCountry "USA"]
[WhiteElo "1468"]
[WhiteRD "55"]
[BlackElo "1643"]
[BlackRD "62"]
[GameID "322236"]

1. e4 c5 2. Nc3 d6 3. Nf3 Nc6 4. Bc4 e6 5. h3 Nf6 6. d3 Be7 7. a3 O-O 8. Bf4 a6 9. Rb1 b5 10. Ba2 Bb7
11. O-O e5 12. Bh2 Qd7 13. b4 cxb4 14. axb4 Rac8 15. Ne2 Nd8 16. c3 Ne6 17. Bxe6 Qxe6 18. Rb2 Rfd8 19. Nh4 Nxe4 20. Nf3 Nxc3
21. Nxc3 Rxc3 22. Qe1 Rdc8 23. Qe2 Qf5 24. Bg3 Bxf3 25. gxf3 Qxd3 26. Qxd3 Rxd3 27. Re1 Rxf3 28. Kg2 Rfc3 29. Ra1 R8c6 30. h4 f5
31. Rd1 f4 32. Bh2 Bxh4 33. Rbd2 Be7 34. Bg1 Rb3 35. f3 Rxb4 36. Bf2 Rbc4
0-1

[Event "R.G Wade memorial Tournament "]
[Site "SchemingMind.com"]
[Date "2012.12.02"]
[Round "-"]
[White "docjan"]
[Black "Maaren"]
[Result "1/2-1/2"]
[WhiteCountry "SWE"]
[BlackCountry "BEL"]
[WhiteElo "2243"]
[WhiteRD "61"]
[BlackElo "2098"]
[BlackRD "92"]
[GameID "322393"]

1. e4 c5 2. Nf3 e6 3. d4 cxd4 4. Nxd4 Nf6 5. Nc3 Nc6 6. Be2 Qc7 7. Be3 a6 8. O-O Bb4 9. Nxc6 bxc6 10. Qd3 d5
11. a3=
1/2-1/2

[Event "R.G Wade memorial Tournament "]
[Site "SchemingMind.com"]
[Date "2012.12.02"]
[Round "-"]
[White "Maaren"]
[Black "docjan"]
[Result "1/2-1/2"]
[WhiteCountry "BEL"]
[BlackCountry "SWE"]
[WhiteElo "2098"]
[WhiteRD "92"]
[BlackElo "2243"]
[BlackRD "61"]
[GameID "322395"]

1. e4 e5 2. Nf3 Nc6 3. Bb5 a6 4. Bxc6 dxc6 5. O-O f6 6. d4 exd4 7. Nxd4 c5 8. Ne2 Qxd1 9. Rxd1 Bd7 10. Nbc3 Ne7
11. Be3 Ng6=
1/2-1/2

[Event "R.G Wade memorial Tournament "]
[Site "SchemingMind.com"]
[Date "2012.12.12"]
[Round "-"]
[White "emvarela"]
[Black "John Hamer"]
[Result "0-1"]
[WhiteCountry "ARG"]
[BlackCountry "ENG"]
[WhiteElo "1743"]
[WhiteRD "47"]
[BlackElo "2022"]
[BlackRD "65"]
[GameID "322948"]

1. e4 e5 2. Nf3 Nf6 3. Nxe5 d6 4. Nf3 Nxe4 5. d4 d5 6. Bd3 Bd6 7. O-O O-O 8. c4 c6 9. Re1 Bf5 10. Qc2 Bg6
11. c5 Bc7 12. Nbd2 Na6 13. a3 Re8 14. Bxe4 dxe4 15. Nxe4 Qd5 16. Nfd2 f5
0-1

[Event "R.G Wade memorial Tournament "]
[Site "SchemingMind.com"]
[Date "2012.12.12"]
[Round "-"]
[White "John Hamer"]
[Black "emvarela"]
[Result "1/2-1/2"]
[WhiteCountry "ENG"]
[BlackCountry "ARG"]
[WhiteElo "2022"]
[WhiteRD "65"]
[BlackElo "1743"]
[BlackRD "47"]
[GameID "322951"]

1. d4 Nf6 2. Nf3 d5 3. Bg5 Ne4 4. Bf4 Bf5 5. e3 e6 6. Bd3 Be7 7. O-O c6 8. Nbd2 O-O 9. Qe2 Nxd2 10. Nxd2 Bxd3
11. Qxd3 Nd7 12. c4 dxc4 13. Nxc4 Nb6 14. Be5=
1/2-1/2

[Event "R.G Wade memorial Tournament "]
[Site "SchemingMind.com"]
[Date "2013.01.11"]
[Round "-"]
[White "mmccaffe"]
[Black "kibic"]
[Result "0-1"]
[WhiteCountry "USA"]
[BlackCountry "INT"]
[WhiteElo "1626"]
[WhiteRD "65"]
[BlackElo "2343"]
[BlackRD "63"]
[GameID "324967"]

1. e4 c5 2. Nf3 Nc6 3. d3 Nf6 4. Nc3 d5 5. exd5 Nxd5 6. g3 Nxc3 7. bxc3 g6 8. Bg2 Bg7 9. Bd2 Qa5 10. c4 Qa4
11. O-O Bxa1 12. Qxa1 f6 13. h4 Qxc2
0-1

[Event "R.G Wade memorial Tournament "]
[Site "SchemingMind.com"]
[Date "2013.01.11"]
[Round "-"]
[White "kibic"]
[Black "mmccaffe"]
[Result "1-0"]
[WhiteCountry "INT"]
[BlackCountry "USA"]
[WhiteElo "2343"]
[WhiteRD "63"]
[BlackElo "1626"]
[BlackRD "65"]
[GameID "324971"]

1. Nf3 Nf6 2. c4 c5 3. g3 g6 4. Bg2 Bg7 5. Nc3 O-O 6. d4 cxd4 7. Nxd4 Nc6 8. O-O a6 9. Nxc6 dxc6 10. Qb3 Bd7
11. Qxb7 Qc8 12. Qxc8
1-0

[Event "R.G Wade memorial Tournament "]
[Site "SchemingMind.com"]
[Date "2013.01.27"]
[Round "-"]
[White "Maaren"]
[Black "John Hamer"]
[Result "0-1"]
[WhiteCountry "BEL"]
[BlackCountry "ENG"]
[WhiteElo "2030"]
[WhiteRD "102"]
[BlackElo "2056"]
[BlackRD "65"]
[GameID "325913"]

1. e4 e5 2. Nf3 Nc6 3. Bb5 g6 4. c3 Bg7 5. d4 Nge7 6. d5 a6 7. Be2 Na7 8. d6 cxd6 9. Qxd6 Nb5 10. Bxb5 axb5
11. O-O Ra6 12. Qd3 O-O 13. Qxb5 d5 14. exd5 Qxd5 15. Qxd5 Nxd5 16. Rd1 e4 17. Rxd5 exf3 18. gxf3 Be6 19. Rd1 Bxa2 20. Kg2 Rfa8
21. Rd7 Be6 22. Rxa6 bxa6 23. Rb7 Bc8 24. Rb4 a5 25. Rb6 a4 26. Na3 Be6= 27. Bf4 h6
0-1

[Event "R.G Wade memorial Tournament "]
[Site "SchemingMind.com"]
[Date "2013.01.27"]
[Round "-"]
[White "John Hamer"]
[Black "Maaren"]
[Result "1-0"]
[WhiteCountry "ENG"]
[BlackCountry "BEL"]
[WhiteElo "2056"]
[WhiteRD "65"]
[BlackElo "2030"]
[BlackRD "102"]
[GameID "325916"]

1. d4 Nf6 2. Nf3 d5 3. c4 c6 4. Nc3 a6 5. e3 b5 6. b3 Bg4 7. Be2 e6 8. O-O Bd6 9. Bb2 O-O 10. h3 Bh5
11. Rc1 Nbd7 12. Ne5 Bxe2 13. Nxe2 Rc8 14. Nd3 Re8 15. c5 Bb8 16. Nef4 Ne4 17. Qg4 f5 18. Qe2 Qh4 19. Rfd1 Ndf6 20. Ne5 g5
21. Nfd3 g4 22. Nf4 Bxe5 23. dxe5 Nh5 24. f3 Nhg3 25. Qe1 gxf3 26. gxf3 Kf7 27. fxe4
1-0

[Event "R.G Wade memorial Tournament "]
[Site "SchemingMind.com"]
[Date "2013.04.14"]
[Round "-"]
[White "kibic"]
[Black "John Hamer"]
[Result "1-0"]
[WhiteCountry "INT"]
[BlackCountry "ENG"]
[WhiteElo "2312"]
[WhiteRD "67"]
[BlackElo "2093"]
[BlackRD "65"]
[GameID "330299"]

1. Nf3 d5 2. c4 e6 3. d4 Nf6 4. Nc3 Be7 5. Bf4 O-O 6. e3 Nbd7 7. c5 c6 8. b4 b6 9. Bd3 a5 10. a3 Ba6
11. O-O Qc8 12. Qe2 Ne4 13. Nxe4 dxe4 14. Bxa6 Qxa6 15. Qxa6 Rxa6 16. Nd2 f5 17. Rfb1 bxc5 18. bxc5 e5 19. Rb7 exf4 20. Rxd7 Bg5
21. Nc4 fxe3= 22. fxe3 Rb8 23. Rf1 g6 24. g4 Rb3 25. gxf5 gxf5 26. Rxf5 Bxe3+ 27. Kf1 Ra8 28. d5 Rc3 29. Nxe3
1-0

[Event "R.G Wade memorial Tournament "]
[Site "SchemingMind.com"]
[Date "2013.04.14"]
[Round "-"]
[White "John Hamer"]
[Black "kibic"]
[Result "0-1"]
[WhiteCountry "ENG"]
[BlackCountry "INT"]
[WhiteElo "2093"]
[WhiteRD "65"]
[BlackElo "2312"]
[BlackRD "67"]
[GameID "330300"]

1. d4 Nf6 2. Nf3 g6 3. c4 e6 4. Nc3 Nc6 5. e4 d6 6. Be2 Bg7 7. O-O O-O 8. a3 Re8 9. d5 Nb8 10. Qc2 exd5
11. cxd5 Qe7 12. Re1 a6 13. Bf4 Nbd7 14. Rac1 b5 15. b4 Bb7 16. Bd3 Ng4 17. Bg5 Bf6 18. Bf4= Nde5 19. Be2 Nxf3+ 20. Bxf3 Ne5
21. Be2 Nd7 22. Qd3 Rac8 23. Bg4 Rcd8 24. Ne2= Nb6 25. f3 Nc4 26. Nd4 Be5 27. Bd2 h5 28. Bh3 Qh4 29. Bc3 Bc8 30. Nc6 Bxh3
31. gxh3 Bf4 32. Ra1 Qxh3 33. Re2 Ra8 34. a4 f5 35. exf5 Re3 36. Qc2 Qxf3 37. f6 Kf7 38. Rg2 Re4
0-1